Tirai Senja

Bibliographic Details
Main Author: Ali Zulfadli (Author)
Format: Book
Language:Malay
Published: Kuala Lumpur : Dewan Bahasa dan Pustaka 1986
Subjects:

MARC

LEADER 00000cam a2200000 7i4500
001 0000003690
005 20240927.0
008 991206 my may
020 |a 9836215735 (pbk) 
040 |a INS   |b eng   |e rda 
090 0 0 |a PL5186.A4   |b T5 1986 
100 0 |a Ali Zulfadli ,   |e author 
245 1 0 |a Tirai Senja   |c Ali Zulfadli 
264 1 |a Kuala Lumpur :   |b Dewan Bahasa dan Pustaka   |c 1986 
300 |a 231 pages ;   |c 19 cm. 
336 |a text  |2 rdacontent 
337 |a unmediated  |2 rdamedia 
338 |a volume  |2 rdacarrier 
650 0 0 |a Malay fiction 
999 |a 0000005597   |b BOOK   |c Open Shelf   |e Default branch